000 01188nam a2200229Ia 4500
999 _c51982
_d51982
001 18985
003 GE_BSU
005 20210415112717.0
008 181216s2014||||ge |||||||||||||| ||geo||
040 _cGE_BSU
041 _ageo
080 _a81 ბ-93
100 _aბრუნჯაძე, ირინე
_911366
245 _aადამიანის ეთნომენტალური სამყარო და ურთიერთობის ველი /
_cირინე ბრუნჯაძე; მეცნ. ხელმძღვანელი ა. არძენაძე; ბათუმის შოთა რუსთაველის სახ-ფო უნ-ტი.
264 _aბათუმი,
_c2014.
300 _a150 გვ. ;
_b30 სმ.
653 _aადამიანის ეთნომენტალური სამყარო და ურთიერთობის ველი
653 _aდისერტაცია
653 _aლიტმცოდნეობა
700 _aარძენაძე, ა.
_eსამეცნიერო ხელმძღვანელი
_911367
942 _cBK
_2udc